000 01412cam a22003134a 4500
999 _c28283
_d28283
001 13333160
005 20170228093354.0
008 030904s2003 nhua 000 0 eng
010 _a 2003019536
020 _a0325005311 (pbk. : alk. paper)
040 _aDLC
_cDLC
_dDLC
042 _apcc
043 _an-us---
050 0 0 _aLB1529.U5
_bC356 2003
100 1 _aCalkins, Lucy,
_d1951-
245 1 0 _aPoetry :
_bpowerful thoughts in tiny packages /
_cLucy Calkins and Stephanie Parsons.
260 _aPortsmouth, NH :
_bFirstHand,
_cc2003.
300 _av, 133 p. :
_bill. ;
_c22 x 28 cm.
490 1 _aUnits of study for primary writing ;
_v7
650 0 _aEnglish language
_xComposition and exercises
_xStudy and teaching (Primary)
_zUnited States.
650 0 _aPoetry
_xAuthorship
_xStudy and teaching (Primary)
_zUnited States.
650 0 _aCurriculum planning
_zUnited States.
700 1 _aParsons, Stephanie.
800 1 _aCalkins, Lucy,
_d1951-
_tUnits of study for primary writing ;
_v7.
906 _a7
_bcbc
_corignew
_d1
_eecip
_f20
_gy-gencatlg
942 _2lcc
_cBOOKS
_hLB 1529 .C35 2003